Kab Raaj Karey Gi Khalqay Khuda (Record no. 325453)

000 -LEADER
fixed length control field 00334 a2200133 4500
001 - CONTROL NUMBER
control field 90380
003 - CONTROL NUMBER IDENTIFIER
control field NUST
082 ## - DEWEY DECIMAL CLASSIFICATION NUMBER
Classification number 891.43930108 SAE
100 ## - MAIN ENTRY--PERSONAL NAME
Personal name Saeed Asi
9 (RLIN) 9842
245 ## - TITLE STATEMENT
Title Kab Raaj Karey Gi Khalqay Khuda
Medium Urdu
260 ## - PUBLICATION, DISTRIBUTION, ETC.
Place of publication, distribution, etc. Lahore
Name of publisher, distributor, etc. Huq Publications
Date of publication, distribution, etc. 2012
300 ## - PHYSICAL DESCRIPTION
Extent 335p.
500 ## - GENERAL NOTE
General note General Books
942 ## - ADDED ENTRY ELEMENTS (KOHA)
Institution code [OBSOLETE] CAE NUST
Koha item type Book
Call number prefix 891.43930108 SAE
Source of classification or shelving scheme
Holdings
Withdrawn status Lost status Damaged status Not for loan Collection code Permanent Location Current Location Date acquired Total Checkouts Full call number Barcode Date last seen Price effective from Koha item type
          College of Aeronautical Engineering (CAE) College of Aeronautical Engineering (CAE) 04/03/2017   891.43930108 SAE CAE86186 04/05/2017 04/05/2017 Book
© 2023 Central Library, National University of Sciences and Technology. All Rights Reserved.